50 Movies by Logline - Statistics

General Stats
  • This quiz has been taken 28 times
  • The average score is 27 of 50
Answer Stats
Logline Movie % Correct
An eight-year-old troublemaker must protect his house from a pair of burglars when he is accidentally left home alone by his family during Christmas vacation. Home Alone
88%
A hapless young Viking destined to hunt dragons becomes the unlikely friend of a young dragon himself, learning there may be more to the creatures than he assumed. How to Train Your Dragon
88%
After a bachelor party in Las Vegas, three friends with no memory of the previous night wake up to find the bachelor missing, consequently seeking to find their friend before his wedding. The Hangover
88%
A boy’s favorite cowboy doll is threatened when a new action figure supplants him – a spaceman who believes he is real and not a toy. Toy Story
88%
A young man is transported to the past, where he must reunite his parents before he and his future cease to exist. Back to the Future
83%
When two kids find and play a magical board game, they release a man trapped in it for decades – and a host of dangers that can only be stopped by finishing the game. Jumanji
83%
To catch a killer who skins his victims, a young FBI cadet must seek help from an incarcerated and manipulative cannibal. The Silence of the Lambs
83%
Several historical events from the 20th Century unfold from the perspective of an Alabama man with an IQ of 75, whose only real desire is to reunite with his childhood sweetheart. Forrest Gump
79%
A retired CIA agent travels across Europe and relies on his old skills to save his estranged daughter, who has been kidnapped while on a trip to Paris. Taken
79%
A computer hacker is led by a stranger to a forbidding underworld, where he discovers the shocking truth – the life he knows is the elaborate deception of an evil cyber-intelligence. The Matrix
79%
Two rookie cops must bust a drug ring by going undercover as high school students. 21 Jump Street
71%
When husband and wife assassins discover they are working for rival agencies, they have to decide whether to put love ahead of business. Mr. and Mrs. Smith
71%
A spirited farm boy joins a rebellion to save a princess from a sinister imperial enforcer — and the galaxy — from a planet-destroying weapon. Star Wars: A New Hope
71%
The magically long-haired Rapunzel has spent her entire life in a tower, but after a runaway thief stumbles upon her, she discovers the world for the first time, and who she really is. Tangled
71%
The aging patriarch of an organized crime dynasty transfers control of his clandestine empire to his reluctant son. The Godfather
71%
A family of superheroes, undercover and trying to live a quiet suburban life for many years, are forced back into their true selves in order to save the world. The Incredibles
71%
A mermaid princess makes a Faustian bargain to become human for three days in an attempt to win a prince’s love. The Little Mermaid
71%
Two imprisoned men bond over a number of years, finding solace and eventual redemption through acts of common decency. The Shawshank Redemption
71%
A serial dater, afraid of commitment, finally finds the girl of his dreams only to discover she has short-term memory loss and forgets him every day. 50 First Dates
67%
A fashionable sorority queen is dumped by her boyfriend and so decides to follow him to law school, where she figures out that there is more to her than just looks. Legally Blonde
67%
A teenager moves from Africa to the suburbs of Illinois, where she gets a quick primer on the cruel, tacit laws of popularity that divide her fellow students into tightly knit cliques. Mean Girls
67%
The lives of two mob hitmen, a boxer, a gangster’s wife, and a pair of diner bandits intertwine in four tales of violence and redemption. Pulp Fiction
67%
A teenager from the slums of Mumbai excels on a TV gameshow and when interrogated under suspicion of cheating, revisits his past, consequently revealing how he had all the answers. Slumdog Millionaire
67%
Five years after an ominous unseen presence drives most of society to suicide, a survivor and her two children make a desperate bid to reach safety. Bird Box
63%
A shy San Francisco teenager is thrown for a loop when she learns that she’s the heir apparent to the crown of the small European principality of Genovia. The Princess Diaries
58%
During the U.S.-Vietnam War, Captain Willard is sent on a dangerous mission into Cambodia to assassinate a renegade colonel who has set himself up as a god among a local tribe. Apocalypse Now
54%
A wheelchair-bound photographer spies on his neighbors from his apartment window and becomes convinced one of them has committed murder. Rear Window
54%
A depressed suburban father in a mid-life crisis decides to turn his life around after becoming infatuated with his daughter’s attractive friend. American Beauty
50%
A twelve-year-old aspiring musician is confronted with his family’s ancestral ban on music and enters the Land of the Dead to find his great-great-grandfather, a legendary singer. Coco
50%
After landing a spot on a popular dance show, a gusty and talented teenager rallies against racial segregation and sizeism in 1960s Baltimore. Hairspray
50%
Newlyweds leave Michigan and move to Florida, where they adopt an adorable yellow Labrador pup, who soon grows up to be a mischievous handful and teaches the couple valuable life lessons along the way. Marley and Me
50%
A book superstore magnate and an independent book shop owner fall in love via the anonymity of the Internet, both blissfully unaware that the former is trying to put the latter out of business. You've Got Mail
50%
A young African-American man grapples with his identity and sexuality while experiencing the everyday struggles of childhood, adolescence, and burgeoning adulthood. Moonlight
46%
During the civil rights movement of the 1960s, an aspiring author decides to write a book detailing the African American maids’ point of view on the white families for whom they work. The Help
46%
Two low-level astronomers must go on a giant media tour to warn a complacent society of an approaching comet that will destroy planet Earth. Don't Look Up
42%
When a bank teller discovers he’s actually a background player in an open-world video game, he decides to become the hero of his own story – one that he can rewrite himself. Free Guy
42%
A twenty-something stoner must change his ways when a one night stand leads to a pregnancy. Knocked Up
42%
With his wife doing a book tour, a father of twelve must handle a new job and his brood, unstable after a recent move. Cheaper by the Dozen
38%
A listless and alienated teenager decides to help his new friend win the class presidency in their small western high school, all whilst dealing with his bizarre family life back home. Napoleon Dynamite
29%
After a simple jewelry heist goes terribly wrong, the surviving criminals begin to suspect that one of them is a police informant. Reservoir Dogs
29%
After spending years pretending to be married, a plastic surgeon meets “the One” – and enlists his assistant to pose as his soon-to-be ex-wife. Just Go With It
21%
A man with bipolar disorder moves home with his parents and makes a connection with a spirited widow, which helps both of them heal in unique ways. Silver Linings Playbook
21%
Over the course of five social occasions, a committed bachelor must wrestle with the notion that he may finally have discovered love. Four Weddings and a Funeral
17%
In 1954, a U.S. marshal’s troubling visions compromise his investigation into the disappearance of a patient from a hospital for the criminally insane. Shutter Island
17%
A troubled teenager finds high school life even less bearable after she catches her childhood best friend hooking up with her popular older brother. The Edge of Seventeen
17%
A Naval veteran arrives home from war unsettled and uncertain of his future – until he is tantalized by a new religion and its charismatic leader. The Master
17%
On the eve of their high school graduation, two academic superstars and best friends realize they should have worked less and played more and so attempt to cram four years of fun into one night. Booksmart
13%
A man with no name and a man with a mission hunt a Mexican bandit for different reasons. For a Few Dollars More
13%
After serving a prison sentence for a violent crime, a woman attempts to re-enter society and put her life back together in a world that refuses to forgive her past. The Unforgivable
4%
Sinister characters converge around a young man devoted to protecting those he loves in a postwar town teeming with corruption and brutality. The Devil All the Time
0%
No matching quizzes found
Score Distribution
Percent of People with Each Score
Percentile by Number Answered
Your Score History
You have not taken this quiz